Statistics for EU4 Great Powers Quiz

Click here to take the quiz!

General Stats

  • This quiz has been taken 250 times
  • The average score is 7 of 8

Answer Stats

RatingCountry% Correct
347France
99%
1101Ming
99%
333England
97%
319Ottomans
92%
270Castile
88%
361Mamluks
80%
274Timurids
67%
268Lithuania
66%

Score Distribution

Percentile by Number Answered

Percent of People with Each Score

Your Score History

You have not taken this quiz